| 000 | 00568nam a2200181Ia 4500 | ||
|---|---|---|---|
| 008 | 151202s9999||||xx |||||||||||||| ||und|| | ||
| 082 | _bPNVM-54591 | ||
| 100 | _aकोल्हटकर उषादेवी. | ||
| 245 | _aजर्म्स. | ||
| 260 | _b"विमल प्रकाशन,पुणे." | ||
| 260 | _c1989 | ||
| 300 | _a160 | ||
| 600 | _aकोल्हटकर उषादेवी. | ||
| 630 | _aजर्म्स. | ||
| 700 | _aकोल्हटकर उषादेवी. | ||
| 730 | _aजर्म्स. | ||
| 942 | _cBOOK | ||
| 999 |
_c1321130 _d1321127 |
||